[Event "IECG CN.2001.0.00238"]
[Site "IECG email"]
[Date "2001.03.15"]
[Round "?"]
[White "Yanez Parareda, Eduardo"]
[Black "Zazen, Zen"]
[Result "0-1"]
[WhiteElo "682"]
[BlackElo "800"]
[PlyCount "68"]
[EventDate "2001.03.15"]
[EventType "tourn (corr)"]
[EventRounds "6"]
[SourceTitle "Corr 2008"]
[Source "ChessBase"]
[SourceDate "2008.06.24"]
[SourceVersion "1"]
[SourceVersionDate "2008.06.24"]
[SourceQuality "1"]

1. e4 c5 2. Nf3 Nc6 3. Bb5 g6 4. Bxc6 dxc6 5. d3 Bg7 6. 0-0 Nf6 7. Nc3 0-0 8. h3 Nd7 9. Re1 e5 10. a3 a5 11. b3 b5 12. Bd2 Nb6 13. Be3 Qd6 14. b4 cxb4 15. axb4 Qxb4 16. Ne2 Na4 17. Bd2 Qd6 18. Nc3 Nxc3 19. Bxc3 b4 20. Bb2 c5 21. Qd2 a4 22. c3 a3 23. Bc1 Be6 24. cxb4 cxb4 25. Qe3 b3 26. Rb1 Rfb8 27. Rd1 a2 28. Ra1 b2 29. Bxb2 Rxb2 30. Rd2 Rb1+ 31. Rd1 Rxd1+ 32. Rxd1 a1Q 33. Rxa1 Rxa1+ 34. Kh2 Rd1 0-1

[Event "IECG CP.2000.P.00114"]
[Site "IECG email"]
[Date "2000.10.01"]
[Round "?"]
[White "Schmitzer, Klaus"]
[Black "Yanez Parareda, Eduardo"]
[Result "1-0"]
[WhiteElo "2419"]
[BlackElo "685"]
[PlyCount "33"]
[EventDate "2000.10.01"]
[EventType "tourn (corr)"]
[EventRounds "6"]
[EventCountry "ARG"]
[SourceTitle "Corr 2008"]
[Source "ChessBase"]
[SourceDate "2008.06.24"]
[SourceVersion "1"]
[SourceVersionDate "2008.06.24"]
[SourceQuality "1"]

1. e4 e5 2. f4 exf4 3. Nf3 d5 4. exd5 Qxd5 5. Nc3 Qf5 6. d4 Nf6 7. Bd3 Qe6+ 8. Ne5 Bb4 9. Bc4 Qf5 10. 0-0 Nh5 11. Bxf7+ Kf8 12. Bxh5 g6 13. Rxf4 gxh5 14. Rxf5+ Bxf5 15. Qf3 Kg7 16. Qxf5 h4 17. Qf7# 1-0

[Event "IECG CP.2000.P.00114"]
[Site "IECG email"]
[Date "2000.10.01"]
[Round "?"]
[White "Yanez Parareda, Eduardo"]
[Black "Cattermole, John"]
[Result "0-1"]
[WhiteElo "685"]
[BlackElo "1581"]
[PlyCount "64"]
[EventDate "2000.10.01"]
[EventType "tourn (corr)"]
[EventRounds "6"]
[EventCountry "ARG"]
[SourceTitle "Corr 2008"]
[Source "ChessBase"]
[SourceDate "2008.06.24"]
[SourceVersion "1"]
[SourceVersionDate "2008.06.24"]
[SourceQuality "1"]

1. e4 c6 2. Nc3 d5 3. d4 dxe4 4. Nxe4 Bf5 5. Ng3 Bg6 6. Nf3 e6 7. Bc4 Nd7 8. 0-0 Ngf6 9. Bg5 Bd6 10. Ne2 h6 11. Bxf6 Qxf6 12. c3 Bh5 13. Qd3 b5 14. Bb3 Bxf3 15. Qxf3 Qxf3 16. gxf3 a5 17. a4 Nb6 18. Rfc1 Kd7 19. Bc2 Nxa4 20. b4 axb4 21. cxb4 Bxb4 22. f4 Bd2 23. Rf1 Nc3 24. Ng3 Bxf4 25. Nh5 Bc7 26. Nxg7 Rag8 27. Kh1 Rxg7 28. Rg1 Rhg8 29. Rae1 Rxg1+ 30. Rxg1 Rxg1+ 31. Kxg1 Ne2+ 32. Kg2 Nxd4 0-1

[Event "IECG CP.2000.P.00114"]
[Site "IECG email"]
[Date "2000.10.01"]
[Round "?"]
[White "Yanez Parareda, Eduardo"]
[Black "Salvati, Diego Javier"]
[Result "0-1"]
[WhiteElo "685"]
[BlackElo "2173"]
[PlyCount "42"]
[EventDate "2000.10.01"]
[EventType "tourn (corr)"]
[EventRounds "6"]
[EventCountry "ARG"]
[SourceTitle "Corr 2008"]
[Source "ChessBase"]
[SourceDate "2008.06.24"]
[SourceVersion "1"]
[SourceVersionDate "2008.06.24"]
[SourceQuality "1"]

1. e4 e5 2. Nf3 Nf6 3. Nc3 Bb4 4. Nxe5 0-0 5. Bc4 Bxc3 6. Nxf7 Qe7 7. Ng5+ d5 8. dxc3 dxc4 9. Qe2 b5 10. 0-0 h6 11. a4 hxg5 12. Bxg5 Qxe4 13. Be3 Ng4 14. f3 Qxe3+ 15. Rf2 Qxf2+ 16. Qxf2 Nxf2 17. Kxf2 c6 18. Ke3 a6 19. g4 Ra7 20. b3 Re7+ 21. Kf2 Bxg4 0-1

[Event "IECG CN.2000.0.00195"]
[Site "IECG email"]
[Date "2000.05.15"]
[Round "?"]
[White "Fisher, Alexander J"]
[Black "Yanez Parareda, Eduardo"]
[Result "1-0"]
[WhiteElo "800"]
[BlackElo "800"]
[PlyCount "51"]
[EventDate "2000.05.15"]
[EventType "tourn (corr)"]
[EventRounds "6"]
[SourceTitle "Corr 2008"]
[Source "ChessBase"]
[SourceDate "2008.06.24"]
[SourceVersion "1"]
[SourceVersionDate "2008.06.24"]
[SourceQuality "1"]

1. e4 e5 2. Nf3 Nc6 3. Bb5 Bb4 4. Bxc6 bxc6 5. a3 Bd6 6. d4 f6 7. dxe5 Bxe5 8. Nxe5 fxe5 9. Qh5+ g6 10. Qxe5+ Qe7 11. Qxh8 Qxe4+ 12. Be3 Qd5 13. 0-0 Ba6 14. Re1 0-0-0 15. Qxh7 Qe4 16. c3 c5 17. Nd2 Qe6 18. Bxc5 Qc6 19. Bxa7 Bb7 20. f3 g5 21. Qh5 Qd5 22. Rad1 Nf6 23. Qg6 Ng4 24. Ne4 Qe5 25. Nd6+ Qxd6 26. Rxd6 1-0

[Event "IECG CN.2000.0.00195"]
[Site "IECG email"]
[Date "2000.05.15"]
[Round "?"]
[White "O'Connor, Michael"]
[Black "Yanez Parareda, Eduardo"]
[Result "0-1"]
[WhiteElo "800"]
[BlackElo "800"]
[PlyCount "32"]
[EventDate "2000.05.15"]
[EventType "tourn (corr)"]
[EventRounds "6"]
[SourceTitle "Corr 2008"]
[Source "ChessBase"]
[SourceDate "2008.06.24"]
[SourceVersion "1"]
[SourceVersionDate "2008.06.24"]
[SourceQuality "1"]

1. e4 c6 2. Nc3 d5 3. Nf3 Nf6 4. d3 Nbd7 5. Be2 e6 6. 0-0 Nc5 7. e5 Nfd7 8. d4 Na6 9. Bg5 f6 10. exf6 Nxf6 11. Bxf6 Qxf6 12. Bxa6 bxa6 13. Ne5 Bd7 14. Qf3 Qg6 15. Nxg6 hxg6 16. Qd3 g5 0-1

[Event "IECG CN.2000.0.00195"]
[Site "IECG email"]
[Date "2000.05.15"]
[Round "?"]
[White "Yanez Parareda, Eduardo"]
[Black "Lorenzi, Matteo"]
[Result "0-1"]
[WhiteElo "800"]
[BlackElo "800"]
[PlyCount "56"]
[EventDate "2000.05.15"]
[EventType "tourn (corr)"]
[EventRounds "6"]
[SourceTitle "Corr 2008"]
[Source "ChessBase"]
[SourceDate "2008.06.24"]
[SourceVersion "1"]
[SourceVersionDate "2008.06.24"]
[SourceQuality "1"]

1. e4 e5 2. Nf3 Nc6 3. Bc4 Bc5 4. 0-0 Nf6 5. Nc3 d6 6. h3 Na5 7. Be2 0-0 8. a3 Bb6 9. b3 d5 10. d3 dxe4 11. dxe4 Nc6 12. Bc4 Be6 13. Be3 Bxc4 14. bxc4 Ba5 15. Nd5 Nxe4 16. Rb1 Rb8 17. Qd3 f5 18. c3 Nxc3 19. Ra1 e4 20. Qd2 exf3 21. gxf3 Ne5 22. Qc2 Nxd5 23. cxd5 Nxf3+ 24. Kg2 Qxd5 25. Kg3 f4+ 26. Bxf4 Bd2 27. Bxd2 Qe5+ 28. Kg2 Qh2# 0-1

[Event "IECG CN.2000.0.00186"]
[Site "IECG email"]
[Date "2000.04.03"]
[Round "?"]
[White "Chew, Yaw Chong"]
[Black "Yanez Parareda, Eduardo"]
[Result "1-0"]
[WhiteElo "800"]
[BlackElo "800"]
[PlyCount "65"]
[EventDate "2000.04.03"]
[EventType "tourn (corr)"]
[EventRounds "6"]
[SourceTitle "Corr 2008"]
[Source "ChessBase"]
[SourceDate "2008.06.24"]
[SourceVersion "1"]
[SourceVersionDate "2008.06.24"]
[SourceQuality "1"]

1. e4 e5 2. Nf3 Nc6 3. d4 d6 4. Bc4 Bg4 5. c3 Bxf3 6. gxf3 Nge7 7. Qb3 d5 8. Bxd5 Nxd5 9. exd5 Ne7 10. Qb5+ c6 11. dxc6 Nxc6 12. dxe5 a6 13. Qxb7 Nxe5 14. Qe4 f6 15. f4 Bd6 16. fxe5 fxe5 17. Nd2 0-0 18. Qd5+ Kh8 19. Ne4 Bc7 20. Qxd8 Raxd8 21. Bg5 Rd5 22. 0-0 h6 23. Be3 Rd7 24. Rad1 Rdf7 25. Rd5 Kh7 26. Rfd1 Rf5 27. b3 h5 28. Rd7 Bb8 29. Kh1 h4 30. Rg1 Kh8 31. Rgxg7 h3 32. Rh7+ Kg8 33. Rdg7# 1-0

[Event "IECG CN.2000.0.00186"]
[Site "IECG email"]
[Date "2000.04.03"]
[Round "?"]
[White "Yanez Parareda, Eduardo"]
[Black "Jedlicka, Ludek"]
[Result "0-1"]
[WhiteElo "800"]
[BlackElo "800"]
[PlyCount "56"]
[EventDate "2000.04.03"]
[EventType "tourn (corr)"]
[EventRounds "6"]
[SourceTitle "Corr 2008"]
[Source "ChessBase"]
[SourceDate "2008.06.24"]
[SourceVersion "1"]
[SourceVersionDate "2008.06.24"]
[SourceQuality "1"]

1. e4 e5 2. Nf3 Nc6 3. d4 exd4 4. Nxd4 Nf6 5. Nc3 Bb4 6. Be2 Nxd4 7. Qxd4 Bxc3+ 8. bxc3 d6 9. e5 dxe5 10. Qxe5+ Qe7 11. Qb5+ c6 12. Qa4 Nd5 13. Qd4 0-0 14. Qd2 Bg4 15. f3 Bf5 16. c4 Nb6 17. 0-0 Rad8 18. Qe1 Rfe8 19. Rf2 Qe5 20. Rb1 Bxc2 21. Rb2 Rd1 22. f4 Rxe1+ 23. Bf1 Rxf1+ 24. Rxf1 Qd4+ 25. Kh1 Qf2 26. h3 Qxf1+ 27. Kh2 Re2 28. Rxc2 Qxg2# 0-1

[Event "IECG CN.2000.0.00175"]
[Site "IECG email"]
[Date "2000.02.15"]
[Round "?"]
[White "Ferroni, Claudio"]
[Black "Yanez Parareda, Eduardo"]
[Result "0-1"]
[WhiteElo "971"]
[BlackElo "800"]
[PlyCount "86"]
[EventDate "2000.02.15"]
[EventType "tourn (corr)"]
[EventRounds "6"]
[SourceTitle "Corr 2008"]
[Source "ChessBase"]
[SourceDate "2008.06.24"]
[SourceVersion "1"]
[SourceVersionDate "2008.06.24"]
[SourceQuality "1"]

1. d4 e5 2. dxe5 Nc6 3. Nf3 d5 4. exd6 cxd6 5. Nc3 Nf6 6. e4 Bg4 7. Bb5 a6 8. Ba4 Qe7 9. 0-0 g6 10. Bg5 h6 11. Bh4 0-0-0 12. h3 Bh5 13. g4 Bxg4 14. hxg4 g5 15. Bg3 Nxg4 16. Nh2 Nf6 17. Nd5 Qe6 18. Nxf6 Qxf6 19. c3 Ne7 20. Ng4 Qe6 21. Re1 h5 22. Ne3 h4 23. Bh2 Qxe4 24. Qd4 Qg6 25. Bc2 Qh6 26. Nf5 Nxf5 27. Bxf5+ Kb8 28. Kh1 Bg7 29. Qe3 Qf6 30. Bh3 Bh6 31. Qd4 Bg7 32. Qxf6 Bxf6 33. Rab1 Rhg8 34. c4 g4 35. Bg2 Rg7 36. b3 g3 37. Bg1 Rdg8 38. fxg3 Rxg3 39. Bd5 Be5 40. Bh2 Rh3 41. Bg2 Rxh2+ 42. Kg1 Rgxg2+ 43. Kf1 Bd4 0-1

[Event "IECG CN.2000.0.00175"]
[Site "IECG email"]
[Date "2000.02.15"]
[Round "?"]
[White "Yanez Parareda, Eduardo"]
[Black "Croke, Pat"]
[Result "0-1"]
[WhiteElo "800"]
[BlackElo "808"]
[PlyCount "70"]
[EventDate "2000.02.15"]
[EventType "tourn (corr)"]
[EventRounds "6"]
[SourceTitle "Corr 2008"]
[Source "ChessBase"]
[SourceDate "2008.06.24"]
[SourceVersion "1"]
[SourceVersionDate "2008.06.24"]
[SourceQuality "1"]

1. e4 e5 2. Nf3 Nc6 3. d4 exd4 4. Nxd4 Nf6 5. f3 Bc5 6. c3 0-0 7. Bf4 d5 8. Bb5 dxe4 9. b4 Nxd4 10. Bxc7 Nxf3+ 11. gxf3 Qxd1+ 12. Kxd1 Bb6 13. Bf4 exf3 14. Nd2 f2 15. a4 a6 16. Bd3 Nd5 17. Bd6 Nxc3+ 18. Kc1 Rd8 19. Nc4 Bd4 20. Bg3 Ne2+ 21. Kb1 Nxg3 22. hxg3 Bxa1 23. Kxa1 Rxd3 24. Nb6 Rxg3 25. Nxa8 Rg1+ 26. Rxg1 fxg1Q+ 27. Kb2 h5 28. a5 h4 29. Kb3 h3 30. Kc4 h2 31. b5 h1Q 32. bxa6 Qc6+ 33. Kb4 Qb1+ 34. Ka3 Qc3+ 35. Ka4 Bd7# 0-1

[Event "IECG CN.2000.0.00175"]
[Site "IECG email"]
[Date "2000.02.15"]
[Round "?"]
[White "Yanez Parareda, Eduardo"]
[Black "Marshall, Mryn"]
[Result "0-1"]
[WhiteElo "800"]
[BlackElo "800"]
[PlyCount "44"]
[EventDate "2000.02.15"]
[EventType "tourn (corr)"]
[EventRounds "6"]
[SourceTitle "Corr 2008"]
[Source "ChessBase"]
[SourceDate "2008.06.24"]
[SourceVersion "1"]
[SourceVersionDate "2008.06.24"]
[SourceQuality "1"]

1. e4 e5 2. Nf3 Nc6 3. d4 d5 4. Bb5 Bd7 5. b3 exd4 6. Nxd4 Qf6 7. c3 Qh4 8. exd5 Ne5 9. g3 Qe4+ 10. Kd2 Bxb5 11. f4 Qg2+ 12. Ne2 0-0-0 13. Rg1 Rxd5+ 14. Kc2 Qe4+ 15. Kb2 Nd3+ 16. Kc2 Nf2+ 17. Kb2 Nxd1+ 18. Rxd1 Rxd1 19. Nd2 Qxe2 20. c4 Rxd2+ 21. Bxd2 Qxd2+ 22. Kb1 Bc6 0-1